00821nam a2200241Ia 4500001000600000003000900006008004100015040001300056040001300069041001300082100002000095100002900115245005500144245005600199250001100255260001100266260001500277260004900292300005900341500012600400650002200526650003100548A8117IT-RoPAU130308s9999 xx 000 0 und d aIT-RoPAU cIT-RoPAU aITALIANO aBrovelli Franco gCodice Aut. SPICS: 17370 aEucaristia domenicale (L'): riflessioni e proposte bRiforma Liturgica in Italia (La)-Realta' e Speranze a1a ed. aPADOVA bMessaggero c1984 [1° Ed.:1984 - Ed.Ling.Originale:1984] a"13 p. (prefazione: no ; testo: 13 [pagine: 205-217])" aIntrodurre al Senso della Struttura Rituale. Potenzialità del Modulo Celebrativo. al Cuore della missione della Chiesa. aSAGGI DI LITURGIA eCodice materia Spics: 9160